Устройства переключения трансформаторов под нагрузкой

Detalles Bibliográficos
Autor Principal: Порудоминский В. В. Виктор Владимирович
Idioma:ruso
Publicado: Москва, Энергия, 1974
Edición:2-е изд., испр. и доп.
Series:Трансформаторы
Subjects:
Formato: Libro
KOHA link:https://koha.lib.tpu.ru/cgi-bin/koha/opac-detail.pl?biblionumber=90877

MARC

LEADER 00000nam0a2200000 4500
001 90877
005 20231031103746.0
035 |a (RuTPU)RU\TPU\book\97446 
090 |a 90877 
100 |a 20060216d1974 km y0rusy50 ca 
101 0 |a rus 
102 |a RU 
105 |a a z 001zy 
200 1 |a Устройства переключения трансформаторов под нагрузкой  |f В. В. Порудоминский 
205 |a 2-е изд., испр. и доп. 
210 |a Москва  |c Энергия  |d 1974 
215 |a 288 с.  |c ил. 
225 1 |a Трансформаторы  |h Вып. 25 
320 |a Библиогр.: с. 281-286. 
520 1 |a Трансформаторы с переключением под нагрузкой 
610 1 |a трансформаторостроение 
610 1 |a трансформаторы высоковольтные 
610 1 |a напряжение 
610 1 |a переключатели 
610 1 |a изоляция 
675 |a 621.314  |v 3 
700 1 |a Порудоминский  |b В. В.  |g Виктор Владимирович 
801 1 |a RU  |b 63413507  |c 20060216  |g PSBO 
801 2 |a RU  |b 63413507  |c 20210302  |g PSBO 
942 |c BK